[Event "11. Lichtenberger Sommer"]
[Site "Berlin"]
[Date "2012.08.26"]
[Round "9.105"]
[White "Stiemerling, Karl-Heinz"]
[Black "Paris, Gerhard"]
[Result "0-1"]
[WhiteElo "1650"]
[BlackElo "1615"]
[PlyCount "68"]
[EventDate "2012.??.??"]
[WhiteTeam "vereinslos"]
[BlackTeam "TSG Oberschöneweide e.V."]

1. d4 Nf6 2. Nf3 g6 3. c4 Bg7 4. Nc3 d6 5. Bg5 c5 6. e3 cxd4 7. exd4 O-O 8. Bd3
Na6 9. a3 Nc7 10. d5 h6 11. Bh4 g5 12. Nxg5 hxg5 13. Bxg5 Bg4 14. f3 Bh5 15.
Qc2 Bg6 16. Bxg6 fxg6 17. Qxg6 Qe8 18. Qd3 Qh5 19. h4 Qh7 20. O-O-O Qxd3 21.
Rxd3 Rf7 22. Re1 Re8 23. Rde3 Kf8 24. g4 Nd7 25. Ne4 Ne5 26. f4 Nxc4 27. R3e2
Nxd5 28. b3 Na5 29. Kd1 Nc6 30. Nxd6 Nc3+ 31. Kd2 Nxe2 32. Nxe8 Bc3+ 33. Kxe2
Bxe1 34. Kxe1 Kxe8 0-1

[Event "11. Lichtenberger Sommer"]
[Site "Berlin"]
[Date "2012.08.26"]
[Round "9.106"]
[White "Grozea, Filip"]
[Black "Vural, Argun"]
[Result "0-1"]
[WhiteElo "822"]
[BlackElo "1232"]
[PlyCount "117"]
[EventDate "2012.??.??"]
[WhiteTeam "TSG Oberschöneweide e.V."]
[BlackTeam "SV Empor Berlin e.V."]

1. e4 d5 2. d3 dxe4 3. dxe4 Qxd1+ 4. Kxd1 Nc6 5. Nc3 Bg4+ 6. f3 O-O-O+ 7. Ke1
Bh5 8. g4 Bg6 9. h4 h5 10. g5 e5 11. Bc4 Nd4 12. Rb1 Nxc2+ 13. Kf2 Bc5+ 14. Ke2
Nd4+ 15. Kf2 Ne7 16. Be3 Nec6 17. Nge2 a6 18. Bd5 Rd6 19. Rhd1 Rf8 20. f4 Nxe2
21. Nxe2 Bxe3+ 22. Kxe3 exf4+ 23. Kxf4 f6 24. Ng3 fxg5+ 25. Kxg5 Rh8 26. e5
Nxe5 27. Ne4 Nf3+ 28. Kf4 Rf8+ 29. Kg3 Rxd5 30. Rxd5 Bxe4 31. Rbd1 Bxd5 32.
Rxd5 g6 33. Rd3 Ne5 34. Re3 Nc4 35. Re2 b5 36. b3 Nd6 37. Rc2 Nf5+ 38. Kh3 Kb7
39. a4 Rd8 40. Rc3 Kb6 41. axb5 axb5 42. Rf3 c5 43. Rc3 Rd4 44. Kh2 Rxh4+ 45.
Kg2 b4 46. Rh3 Rg4+ 47. Kh2 h4 48. Rd3 Nd4 49. Kh3 Re4 50. Rd2 g5 51. Rg2 Re3+
52. Kh2 Nf3+ 53. Kh3 Ne1+ 54. Kg4 Nxg2 55. Kxg5 h3 56. Kf5 h2 57. Kg5 h1=Q 58.
Kg4 Qh3+ 59. Kg5 0-1